000 00501 a2200169 4500
003 OSt
005 20231218131817.0
008 231218b |||||||| |||| 00| 0 eng d
020 _a8170553865
040 _coclc
082 _a891.43
_bDIV/S
100 _aDivedi, Acharya Mahavirprasad
_910163
245 _aSAHITYA VICHAR /
_cAcharya Mahavir Prasad Divedi
260 _aNew Delhi:
_bVani Prakashan,
_c2005.
300 _a175p
942 _2ddc
_cBK
_h891.43
_iDIV/S
_k891.43
_mDIV/S
999 _c43464
_d43464